000 01313cam a2200265 4500500
005 20260201070727.0
041 _afre
042 _adc
100 1 0 _ad’Ablon, Xavier
_eauthor
245 0 0 _aDeux cas d’intussusception cæcale chez des yearlings Pur-sang
260 _c2026.
500 _a57
520 _aDeux cas d’intussusceptions cæcales sur des poulains Pur-sang d’un an issus d’un même élevage sont présentés. Leurs présentations cliniques et leurs évolutions différentes sont détaillées. Le rôle possible d’Anoplocephala perfoliata dans ces affections est discuté.
520 _aTwo cases of cecal intussusceptions on two thoroughbred yearlings from the same stud farm are presented. Their different clinical manifestations and evolutions are detailed. The possible role of Anoplocephala perfoliata in these conditions is discussed.
690 _acestodes
690 _acheval
690 _acoliques
690 _aintussusception
690 _acolic
690 _ahorse
690 _aintussusception
690 _atapeworms
786 0 _nLe Nouveau Praticien Vétérinaire - Équine | 19 | 3 | 2026-01-06 | p. 71-75 | 1767-5081
856 4 1 _uhttps://stm.cairn.info/revue-le-nouveau-praticien-veterinaire-equine-2025-3-page-71?lang=fr&redirect-ssocas=7080
999 _c1639809
_d1639809